Ekonomické dizertácie, habilitácie a práce študentskej vedeckej a odbornej činnosti v ČSSR diplomové a postgraduálne práce v SSR v školskom roku 1980/1981

Na minha lista:
Detalhes bibliográficos
Autor principal: Procházka, Boris
Formato: Livro
Idioma:eslovaco
Publicado em: Bratislava Slovenské pedagogické nakladateľstvo 1982
Colecção:Ústredná ekonomická knižnica - ekonomické bibliografie
Tags: Adicionar Tag
Sem tags, seja o primeiro a adicionar uma tag!

MARC

LEADER 00000nam a2200000 4500
001 c129124
005 20041019155245.5
041 0 |a slo 
044 |a SK 
245 1 0 |a Ekonomické dizertácie, habilitácie a práce študentskej vedeckej a odbornej činnosti v ČSSR  |b diplomové a postgraduálne práce v SSR v školskom roku 1980/1981  |c Boris Procházka 
264 1 |a Bratislava  |b Slovenské pedagogické nakladateľstvo  |c 1982 
300 |a 194 s.  |e 1939 záznamov 
490 1 |a Ústredná ekonomická knižnica - ekonomické bibliografie 
830 0 |a Ústredná ekonomická knižnica - ekonomické bibliografie 
100 1 |a Procházka, Boris